Loading...
| Science - Physics | 0 | 6 | 0 | 2 | 60 | 63 | 88.00 | 0 | 3 | 0.00 | 0.00 |
| Fine Arts - Classical Music | 0 | 5 | 0 | 1 | 50 | 54 | 99.20 | 2 | 3 | 0.00 | 0.00 |
| Religion | 0 | 5 | 0 | 0 | 50 | 66 | 83.80 | 2 | 3 | 0.00 | 0.00 |
| Social Science | 0 | 5 | 1 | 0 | 45 | 41 | 63.00 | 2 | 4 | 0.00 | 0.00 |
| Science - Biology | 0 | 4 | 1 | 1 | 35 | 48 | 77.25 | 1 | 4 | 0.00 | 0.00 |
| Mythology | 0 | 4 | 2 | 1 | 30 | 48 | 81.00 | 2 | 3 | 0.00 | 0.00 |
| Literature - British | 0 | 2 | 0 | 0 | 20 | 29 | 78.00 | 1 | 1 | 0.00 | 0.00 |
| Fine Arts - Painting and Sculpture | 0 | 2 | 0 | 1 | 20 | 87 | 102.00 | 1 | 1 | 0.00 | 0.00 |
| History - World | 0 | 2 | 0 | 0 | 20 | 50 | 57.50 | 1 | 1 | 0.00 | 0.00 |
| Science - Chemistry | 0 | 3 | 2 | 1 | 20 | 27 | 78.00 | 0 | 1 | 0.00 | 0.00 |
| Science - Other | 0 | 3 | 3 | 1 | 15 | 65 | 87.33 | 0 | 1 | 0.00 | 0.00 |
| History - European | 0 | 2 | 1 | 1 | 15 | 73 | 100.50 | 0 | 1 | 0.00 | 0.00 |
| Philosophy | 0 | 1 | 0 | 0 | 10 | 82 | 82.00 | 0 | 1 | 0.00 | 0.00 |
| Popular Culture | 0 | 1 | 0 | 0 | 10 | 40 | 40.00 | 0 | 1 | 0.00 | 0.00 |
| Geography | 0 | 1 | 0 | 0 | 10 | 73 | 73.00 | 1 | 1 | 0.00 | 0.00 |
| Fine Arts - Other | 0 | 1 | 0 | 0 | 10 | 137 | 137.00 | 0 | 1 | 0.00 | 0.00 |
| History - Other | 0 | 2 | 2 | 0 | 10 | 95 | 100.00 | 0 | 1 | 0.00 | 0.00 |
| History - American | 0 | 1 | 0 | 0 | 10 | 99 | 99.00 | 0 | 0 | 0.00 | 0.00 |
| Literature - World | 0 | 1 | 1 | 0 | 5 | 122 | 122.00 | 0 | 0 | 0.00 | 0.00 |
| Current Events | 0 | 1 | 1 | 0 | 5 | 50 | 50.00 | 1 | 1 | 0.00 | 0.00 |